[Event "Ghent Eastman op 40th"]
[Site "Ghent"]
[Date "2017.07.18"]
[Round "8"]
[White "De Jong, Jasper"]
[Black "Michielsen, Joost"]
[Result "1/2-1/2"]
[WhiteElo "2151"]
[BlackElo "2409"]
[PlyCount "69"]
[EventDate "2017.07.15"]
[EventType "swiss"]
[EventRounds "9"]
[EventCountry "BEL"]
[SourceTitle "CBM 179 Extra"]
[Source "ChessBase"]
[SourceDate "2017.08.23"]
[SourceVersion "1"]
[SourceVersionDate "2017.08.23"]
[SourceQuality "1"]

1. e4 c5 2. c3 Nf6 3. e5 Nd5 4. d4 cxd4 5. cxd4 e6 6. Nc3 Nxc3 7. bxc3 Qc7 8. Bd2 d6 9. f4 Be7 10. Nf3 0-0 11. Bd3 b6 12. 0-0 Ba6 13. Bxa6 Nxa6 14. Qe2 Nb8 15. Qe4 Nd7 16. a4 Rac8 17. Rfb1 Qc4 18. a5 d5 19. Qc2 b5 20. f5 b4 21. Bg5 Bxg5 22. Nxg5 Qxd4+ 23. cxd4 Rxc2 24. Rxb4 h6 25. Rb7 Nxe5 26. dxe5 hxg5 27. a6 Rfc8 28. Rxa7 Re2 29. fxe6 fxe6 30. Rb7 Rcc2 31. a7 Rxg2+ 32. Kf1 Rgf2+ 33. Kg1 Rg2+ 34. Kf1 Rgf2+ 35. Kg1 1/2-1/2

[Event "Ghent Eastman op 40th"]
[Site "Ghent"]
[Date "2017.07.15"]
[Round "2"]
[White "Hakvoort, Elco"]
[Black "Michielsen, Joost"]
[Result "0-1"]
[WhiteElo "2037"]
[BlackElo "2409"]
[PlyCount "72"]
[EventDate "2017.07.15"]
[EventType "swiss"]
[EventRounds "9"]
[EventCountry "BEL"]
[SourceTitle "CBM 179 Extra"]
[Source "ChessBase"]
[SourceDate "2017.08.23"]
[SourceVersion "1"]
[SourceVersionDate "2017.08.23"]
[SourceQuality "1"]

1. d4 d5 2. Bf4 Nf6 3. e3 c5 4. c3 Nc6 5. Nd2 e6 6. Ngf3 Bd6 7. Bg3 Qe7 8. Ne5 Nd7 9. Bb5 Ndxe5 10. dxe5 Bc7 11. f4 0-0 12. 0-0 Bd7 13. Bd3 f6 14. exf6 Qxf6 15. Qg4 Qf7 16. e4 c4 17. Bc2 b5 18. e5 Bb6+ 19. Kh1 Ne7 20. Nf3 Nf5 21. Bxf5 Qxf5 22. Qxf5 Rxf5 23. Nd4 Bxd4 24. cxd4 Be8 25. Be1 g5 26. Bd2 gxf4 27. g4 Rf8 28. Rxf4 Rxf4 29. Bxf4 a5 30. a3 Rb8 31. Bd2 b4 32. axb4 axb4 33. b3 Bg6 34. Ra2 Bb1 35. Rb2 Be4+ 36. Kg1 c3 0-1

[Event "Edinburgh Winter op"]
[Site "Edinburgh"]
[Date "2014.01.03"]
[Round "7"]
[White "Bremner, Adam"]
[Black "Michielsen, Joost"]
[Result "0-1"]
[WhiteElo "2189"]
[BlackElo "2343"]
[PlyCount "72"]
[EventDate "2013.12.27"]
[EventType "swiss"]
[EventRounds "9"]
[EventCountry "SCO"]
[SourceTitle "EXT 2018"]
[Source "ChessBase"]
[SourceDate "2017.10.13"]
[SourceVersion "1"]
[SourceVersionDate "2017.10.13"]
[SourceQuality "1"]

1. d4 d5 2. c4 c6 3. cxd5 cxd5 4. Bf4 Nc6 5. e3 Nf6 6. Nc3 Bg4 7. Qb3 Na5 8. Qa4+ Bd7 9. Bb5 e6 10. Bxd7+ Nxd7 11. Nf3 a6 12. Rc1 Nc4 13. Qc2 Rc8 14. Nd2 b5 15. Nxc4 dxc4 16. 0-0 Be7 17. d5 e5 18. Bg3 0-0 19. Rcd1 Bd6 20. e4 Nc5 21. a3 Nd3 22. Na2 g6 23. Nc1 f5 24. f3 fxe4 25. fxe4 Qb6+ 26. Kh1 Qe3 27. Rxf8+ Rxf8 28. Nxd3 cxd3 29. Qc6 d2 30. h4 Qxg3 31. Qxd6 Qxh4+ 32. Kg1 Qe1+ 33. Kh2 Qxd1 34. Qe6+ Kg7 35. Qe7+ Rf7 36. Qxe5+ Kh6 0-1

[Event "Edinburgh Winter op"]
[Site "Edinburgh"]
[Date "2013.12.29"]
[Round "3"]
[White "Michielsen, Joost"]
[Black "Steil Antoni, Fiona"]
[Result "1-0"]
[WhiteElo "2343"]
[BlackElo "2190"]
[PlyCount "59"]
[EventDate "2013.12.27"]
[EventType "swiss"]
[EventRounds "9"]
[EventCountry "SCO"]
[SourceTitle "EXT 2018"]
[Source "ChessBase"]
[SourceDate "2017.10.13"]
[SourceVersion "1"]
[SourceVersionDate "2017.10.13"]
[SourceQuality "1"]

1. e4 e5 2. Nf3 Nc6 3. Bb5 Bc5 4. 0-0 Nf6 5. Nxe5 Nxe4 6. Qe2 Nxe5 7. d4 Qe7 8. Qxe4 Nc6 9. Qg4 Nxd4 10. Qxg7 Rf8 11. Nc3 c6 12. Bd3 f5 13. Qg3 d5 14. Bh6 Be6 15. Bxf8 Qxf8 16. Rae1 0-0-0 17. Ne2 Nxe2+ 18. Rxe2 Bd7 19. c4 f4 20. Qf3 h5 21. h3 Qh6 22. cxd5 Rg8 23. dxc6 bxc6 24. Be4 Rg3 25. Bxc6 Rxf3 26. Bxf3 Bb6 27. Rd1 Qg6 28. Red2 Qe8 29. Rd5 h4 30. Rxd7 1-0

[Event "NED-chT 1213"]
[Site "Netherlands"]
[Date "2013.04.06"]
[Round "8.10"]
[White "Haast, Mark"]
[Black "Michielsen, Joost"]
[Result "1/2-1/2"]
[WhiteElo "2278"]
[BlackElo "2379"]
[PlyCount "68"]
[EventDate "2012.09.15"]
[EventType "team-tourn"]
[EventRounds "9"]
[EventCountry "NED"]
[SourceTitle "EXT 2014"]
[Source "ChessBase"]
[SourceDate "2013.11.20"]
[SourceVersion "1"]
[SourceVersionDate "2013.11.20"]
[SourceQuality "1"]
[WhiteTeam "De Stukkenjagers"]
[BlackTeam "Utrecht"]
[WhiteTeamCountry "NED"]
[BlackTeamCountry "NED"]

1. c4 c6 2. Nc3 d5 3. d4 Nf6 4. cxd5 cxd5 5. Bf4 Nc6 6. e3 Bg4 7. Qb3 Na5 8. Qa4+ Bd7 9. Qc2 Rc8 10. Bd3 e6 11. Nf3 b5 12. a3 Be7 13. 0-0 0-0 14. Ne5 Nc4 15. Rfc1 a6 16. Qe2 Nd6 17. Qf3 Nc4 18. Rc2 Nxb2 19. Nxd5 Nxd3 20. Rxc8 Bxc8 21. Nxf6+ Bxf6 22. Nxd3 Qb6 23. Qg3 Bb7 24. Nc5 Rc8 25. Be5 Bxe5 26. Qxe5 Bd5 27. e4 Bc4 28. Qg3 Rd8 29. Qe3 Qd6 30. f3 Qxd4 31. Qxd4 Rxd4 32. Nxa6 Kf8 33. Nb4 Rd7 34. a4 bxa4 1/2-1/2

[Event "NED-chT 1213"]
[Site "Netherlands"]
[Date "2012.11.24"]
[Round "4.9"]
[White "Goossens, Etienne"]
[Black "Michielsen, Joost"]
[Result "1/2-1/2"]
[WhiteElo "2187"]
[BlackElo "2379"]
[PlyCount "42"]
[EventDate "2012.09.15"]
[EventType "team-tourn"]
[EventRounds "9"]
[EventCountry "NED"]
[SourceTitle "CBM 151 Extra"]
[Source "ChessBase"]
[SourceDate "2012.12.18"]
[SourceVersion "1"]
[SourceVersionDate "2012.12.18"]
[SourceQuality "1"]
[WhiteTeam "Rotterdam"]
[BlackTeam "Utrecht"]
[WhiteTeamCountry "NED"]
[BlackTeamCountry "NED"]

1. c4 e5 2. Nc3 Nc6 3. Nf3 Nf6 4. g3 d5 5. cxd5 Nxd5 6. Bg2 Nb6 7. 0-0 Be7 8. b3 0-0 9. Bb2 Re8 10. Rc1 Bf8 11. d3 Nd4 12. e3 Nxf3+ 13. Bxf3 c6 14. Qc2 Bf5 15. Rfd1 Qd7 16. Ne4 Rad8 17. a3 Qe7 18. Qc3 Nd5 19. Qc4 Nb6 20. Qc3 Nd5 21. Qc4 Nb6 1/2-1/2

[Event "NED-chT 1213"]
[Site "Netherlands"]
[Date "2012.10.06"]
[Round "2.5"]
[White "Vedder, Henk"]
[Black "Michielsen, Joost"]
[Result "1-0"]
[WhiteElo "2384"]
[BlackElo "2379"]
[PlyCount "51"]
[EventDate "2012.09.15"]
[EventType "team-tourn"]
[EventRounds "9"]
[EventCountry "NED"]
[SourceTitle "CBM 150 Extra"]
[Source "ChessBase"]
[SourceDate "2012.10.19"]
[SourceVersion "1"]
[SourceVersionDate "2012.10.19"]
[SourceQuality "1"]
[WhiteTeam "En Passant"]
[BlackTeam "Utrecht"]
[WhiteTeamCountry "NED"]
[BlackTeamCountry "NED"]

1. e4 c5 2. Nf3 e6 3. Nc3 Nc6 4. Bb5 Nd4 5. a4 a6 6. Bc4 Ne7 7. 0-0 d5 8. Ba2 dxe4 9. Nxe4 Nef5 10. c3 Nc6 11. d3 Be7 12. Bf4 b6 13. Qe2 0-0 14. Rfe1 h6 15. Rad1 Bb7 16. Ne5 g5 17. Nxc6 Bxc6 18. Be5 Bxa4 19. Rd2 Bc6 20. Qh5 Kh7 21. d4 cxd4 22. Bb1 f6 23. Bxd4 Qe8 24. Qh3 Kg7 25. Bxb6 Rb8 26. Nc5 1-0

[Event "Gatwick e2e4 Masters-B"]
[Site "Crawley"]
[Date "2012.08.22"]
[Round "8"]
[White "Lenier, Jude"]
[Black "Michielsen, Joost"]
[Result "0-1"]
[WhiteElo "2016"]
[BlackElo "2367"]
[PlyCount "64"]
[EventDate "2012.08.18"]
[EventType "tourn"]
[EventRounds "9"]
[EventCountry "ENG"]
[EventCategory "1"]
[SourceTitle "CBM 150 Extra"]
[Source "ChessBase"]
[SourceDate "2012.10.19"]
[SourceVersion "1"]
[SourceVersionDate "2012.10.19"]
[SourceQuality "1"]

1. e4 c5 2. Nf3 d6 3. d4 cxd4 4. Nxd4 Nf6 5. Nc3 a6 6. Be3 e6 7. f3 b5 8. Qd2 Nbd7 9. 0-0-0 Bb7 10. g4 Nb6 11. g5 Nfd7 12. h4 Rc8 13. Rg1 b4 14. Nb1 d5 15. h5 g6 16. Qh2 Rg8 17. hxg6 hxg6 18. Nb3 dxe4 19. fxe4 Bxe4 20. Bd3 Bxd3 21. Rxd3 Qc7 22. Bf4 Qc4 23. Rd4 Qc6 24. Rgd1 Rh8 25. Qd2 Rh1 26. Na5 Rxd1+ 27. Qxd1 Qa4 28. Nb7 Qxa2 29. Nd6+ Bxd6 30. Bxd6 Nc4 31. Rxc4 Qxc4 32. Nd2 Qd4 0-1

[Event "NED-chT 1112"]
[Site "Netherlands"]
[Date "2012.03.31"]
[Round "8.2"]
[White "Michielsen, Joost"]
[Black "Berelowitsch, Alexander"]
[Result "1/2-1/2"]
[WhiteElo "2317"]
[BlackElo "2563"]
[PlyCount "68"]
[EventDate "2011.09.17"]
[EventType "team-tourn"]
[EventRounds "9"]
[EventCountry "NED"]
[SourceTitle "EXT 2013"]
[Source "ChessBase"]
[SourceDate "2012.11.22"]
[SourceVersion "1"]
[SourceVersionDate "2012.11.22"]
[SourceQuality "1"]
[WhiteTeam "Utrecht"]
[BlackTeam "BSG"]
[WhiteTeamCountry "NED"]
[BlackTeamCountry "NED"]

1. e4 e6 2. d4 d5 3. Nc3 Bb4 4. e5 c5 5. a3 Ba5 6. b4 cxd4 7. Nb5 Bc7 8. f4 Ne7 9. Nf3 Bd7 10. Nxc7+ Qxc7 11. Bd3 Ba4 12. 0-0 a6 13. Bb2 Nbc6 14. Nxd4 Nxd4 15. Bxd4 Bb5 16. Bc5 g6 17. a4 Bxd3 18. cxd3 b6 19. Bd6 Qd7 20. Rc1 Rc8 21. b5 axb5 22. Bxe7 Kxe7 23. Qb3 Rxc1 24. Rxc1 Rc8 25. Qb4+ Ke8 26. Rxc8+ Qxc8 27. Qxb5+ Ke7 28. g3 Qc5+ 29. Kg2 Qe3 30. Qc6 Kf8 31. Qd6+ Kg7 32. Qd8 Qe2+ 33. Kg1 Qe1+ 34. Kg2 Qe2+ 1/2-1/2

[Event "NRW Class1 1112"]
[Site "Germany"]
[Date "2012.03.04"]
[Round "7.2"]
[White "Mueller, Michael"]
[Black "Michielsen, Joost"]
[Result "0-1"]
[WhiteElo "2180"]
[BlackElo "2277"]
[PlyCount "70"]
[EventDate "2011.09.18"]
[EventType "team-tourn"]
[EventRounds "9"]
[EventCountry "GER"]
[SourceTitle "EXT 2015"]
[Source "ChessBase"]
[SourceDate "2014.11.20"]
[SourceVersion "1"]
[SourceVersionDate "2014.11.20"]
[SourceQuality "1"]
[WhiteTeam "Duesseldorf"]
[BlackTeam "Castrop Rauxel"]
[WhiteTeamCountry "GER"]
[BlackTeamCountry "GER"]

1. e4 c5 2. Nf3 e6 3. Nc3 Nc6 4. d4 cxd4 5. Nxd4 Qc7 6. Be2 a6 7. 0-0 Nf6 8. Nxc6 bxc6 9. Kh1 d5 10. Qd3 Bb4 11. a3 Be7 12. f4 0-0 13. e5 Nd7 14. Bf3 a5 15. Re1 Ba6 16. Qd2 Rab8 17. b3 c5 18. Bxd5 exd5 19. Nxd5 Qd8 20. Rd1 Bb7 21. Nxe7+ Qxe7 22. Qxd7 Rfd8 23. Qg4 Qh4 24. Qe2 Rxd1+ 25. Qxd1 Qf2 26. Qg1 Qxc2 27. Be3 Rd8 28. Rf1 Qxb3 29. Bxc5 Rd2 30. Rf2 Rd5 31. Rf1 Qd3 32. Re1 h5 33. Qf2 h4 34. Kg1 h3 35. gxh3 Rxc5 0-1

[Event "NRW Class1 1112"]
[Site "Germany"]
[Date "2011.12.04"]
[Round "4.2"]
[White "Hausrath, Daniel"]
[Black "Michielsen, Joost"]
[Result "0-1"]
[WhiteElo "2450"]
[BlackElo "2277"]
[PlyCount "108"]
[EventDate "2011.09.18"]
[EventType "team-tourn"]
[EventRounds "9"]
[EventCountry "GER"]
[SourceTitle "EXT 2015"]
[Source "ChessBase"]
[SourceDate "2014.11.20"]
[SourceVersion "1"]
[SourceVersionDate "2014.11.20"]
[SourceQuality "1"]
[WhiteTeam "Muelheim Nord II"]
[BlackTeam "Castrop Rauxel"]
[WhiteTeamCountry "GER"]
[BlackTeamCountry "GER"]

1. Nf3 d5 2. g3 Bg4 3. Bg2 Nd7 4. c4 e6 5. cxd5 exd5 6. 0-0 Ngf6 7. d3 Bd6 8. Nc3 0-0 9. Qc2 c6 10. e4 Re8 11. h3 Bxf3 12. Bxf3 dxe4 13. dxe4 Bb4 14. Rd1 Qe7 15. Re1 Rad8 16. Bg2 Nc5 17. Be3 Qe6 18. a3 Bxc3 19. bxc3 Qc4 20. Bg5 Qd3 21. Qb2 Ncxe4 22. Re3 Qc4 23. Bxe4 Rxe4 24. Rxe4 Qxe4 25. Bxf6 gxf6 26. Qxb7 Rd3 27. Qxa7 Rxc3 28. Rd1 c5 29. Qa6 Qf3 30. Re1 Kg7 31. a4 Rc2 32. Rf1 Ra2 33. Qc4 Qe2 34. Qxe2 Rxe2 35. Ra1 Re8 36. Kf1 Kg6 37. Rc1 Ra8 38. Rc4 f5 39. Ke2 Kf6 40. Kd3 Ke6 41. Kc3 Kd5 42. Rf4 Ke5 43. Kb3 f6 44. Rh4 Ra7 45. Rc4 Kd5 46. Rc2 Kd4 47. Rd2+ Ke4 48. Ra2 Kd3 49. Ra3 c4+ 50. Kb4+ Kd4 51. a5 Rb7+ 52. Ka4 c3 53. Rb3 Rxb3 54. Kxb3 Kd3 0-1

[Event "Vienna Stilwerk Masters"]
[Site "Vienna"]
[Date "2011.08.04"]
[Round "2"]
[White "Michielsen, Joost"]
[Black "Menezes, Christoph"]
[Result "1-0"]
[WhiteElo "2331"]
[BlackElo "2200"]
[PlyCount "59"]
[EventDate "2011.08.03"]
[EventType "team-tourn"]
[EventRounds "9"]
[EventCountry "AUT"]
[SourceTitle "CBM 143 Extra"]
[Source "ChessBase"]
[SourceDate "2011.08.29"]
[SourceVersion "1"]
[SourceVersionDate "2011.08.29"]
[SourceQuality "1"]
[WhiteTeam "Netherlands"]
[BlackTeam "Ottakring"]
[WhiteTeamCountry "NED"]
[BlackTeamCountry "AUT"]

1. e4 e5 2. Nf3 Nc6 3. Bb5 Nf6 4. 0-0 Nxe4 5. d4 Nd6 6. Bxc6 dxc6 7. dxe5 Nf5 8. Qxd8+ Kxd8 9. Nc3 Bd7 10. Bd2 Kc8 11. Rad1 b6 12. h3 h6 13. Rfe1 Ne7 14. Ne4 c5 15. c4 Be6 16. b3 a5 17. a4 Kb7 18. g4 Nc6 19. Bc3 Be7 20. Nh2 g5 21. Nf1 Rhd8 22. Nfg3 Rxd1 23. Rxd1 Rd8 24. Rxd8 Nxd8 25. Nf5 Bf8 26. Nf6 Nc6 27. Nh7 Bxf5 28. gxf5 Bg7 29. f6 Bh8 30. e6 1-0

[Event "Vienna Stilwerk Masters"]
[Site "Vienna"]
[Date "2011.08.03"]
[Round "1"]
[White "Loeffler, Stefan"]
[Black "Michielsen, Joost"]
[Result "1-0"]
[WhiteElo "2423"]
[BlackElo "2331"]
[PlyCount "37"]
[EventDate "2011.08.03"]
[EventType "team-tourn"]
[EventRounds "9"]
[EventCountry "AUT"]
[SourceTitle "CBM 143 Extra"]
[Source "ChessBase"]
[SourceDate "2011.08.29"]
[SourceVersion "1"]
[SourceVersionDate "2011.08.29"]
[SourceQuality "1"]
[WhiteTeam "Ottakring"]
[BlackTeam "Netherlands"]
[WhiteTeamCountry "AUT"]
[BlackTeamCountry "NED"]

1. Nf3 Nf6 2. c4 c6 3. Qc2 d5 4. e3 g6 5. Nc3 Bg7 6. d4 0-0 7. b4 b6 8. Ba3 c5 9. bxc5 bxc5 10. Bxc5 Na6 11. Ba3 Qa5 12. Bxe7 Ne4 13. cxd5 Bb7 14. Nd2 Rfc8 15. Ndxe4 Bxd5 16. Qd2 Bb7 17. Rb1 Rab8 18. Rb5 Qc7 19. Bd6 1-0

[Event "Maastricht Limburg op-A 5th"]
[Site "Maastricht"]
[Date "2011.06.13"]
[Round "1"]
[White "Bomans, Arno"]
[Black "Michielsen, Joost"]
[Result "1-0"]
[WhiteElo "2200"]
[BlackElo "2338"]
[PlyCount "65"]
[EventDate "2011.06.10"]
[EventType "swiss"]
[EventRounds "7"]
[EventCountry "NED"]
[SourceTitle "CBM 142 Extra"]
[Source "ChessBase"]
[SourceDate "2011.06.27"]
[SourceVersion "1"]
[SourceVersionDate "2011.06.27"]
[SourceQuality "1"]

1. d4 Nf6 2. c4 g6 3. Nc3 d5 4. Nf3 Bg7 5. Qb3 dxc4 6. Qxc4 0-0 7. e4 a6 8. e5 b5 9. Qb3 Nfd7 10. e6 fxe6 11. Be3 Nb6 12. h4 Nc6 13. h5 Rxf3 14. gxf3 Nxd4 15. Bxd4 Qxd4 16. hxg6 hxg6 17. Be2 Qe5 18. Rg1 Nd5 19. Nxd5 exd5 20. Rxg6 Kf7 21. f4 Qe4 22. Rg3 c6 23. Rc1 Bd7 24. Re3 Qd4 25. Bh5+ Kf8 26. Rc2 Bf6 27. Rce2 Qxf4 28. Qc2 Qh4 29. Qg6 Qb4+ 30. Kf1 Be8 31. Qh6+ Bg7 32. Rf3+ Kg8 33. Rg3 1-0

[Event "Maastricht Limburg op-A 5th"]
[Site "Maastricht"]
[Date "2011.06.13"]
[Round "2"]
[White "Michielsen, Joost"]
[Black "Surewaard, Wilbert"]
[Result "0-1"]
[WhiteElo "2338"]
[BlackElo "2164"]
[PlyCount "38"]
[EventDate "2011.06.10"]
[EventType "swiss"]
[EventRounds "7"]
[EventCountry "NED"]
[SourceTitle "CBM 142 Extra"]
[Source "ChessBase"]
[SourceDate "2011.06.27"]
[SourceVersion "1"]
[SourceVersionDate "2011.06.27"]
[SourceQuality "1"]

1. e4 e5 2. Nf3 Nc6 3. Bb5 Nd4 4. Nxd4 exd4 5. 0-0 h5 6. c3 c6 7. Bc4 Bc5 8. b4 Bb6 9. Bb2 d5 10. exd5 cxd5 11. Bb5+ Kf8 12. c4 a6 13. c5 Bc7 14. Bd3 Bg4 15. Qe1 Bf3 16. g3 Qf6 17. h4 Re8 18. Qc1 Qe6 19. Rd1 Qh3 0-1

[Event "Maastricht Limburg op-A 5th"]
[Site "Maastricht"]
[Date "2011.06.12"]
[Round "4"]
[White "Michielsen, Joost"]
[Black "Nabuurs, Joep"]
[Result "1/2-1/2"]
[WhiteElo "2338"]
[BlackElo "2212"]
[PlyCount "97"]
[EventDate "2011.06.10"]
[EventType "swiss"]
[EventRounds "7"]
[EventCountry "NED"]
[SourceTitle "CBM 142 Extra"]
[Source "ChessBase"]
[SourceDate "2011.06.27"]
[SourceVersion "1"]
[SourceVersionDate "2011.06.27"]
[SourceQuality "1"]

1. e4 c5 2. Nf3 d6 3. d4 cxd4 4. Nxd4 Nf6 5. Nc3 a6 6. Be3 e5 7. Nb3 Be6 8. Qd2 Be7 9. f4 b5 10. 0-0-0 Nbd7 11. h3 0-0 12. f5 Bc4 13. g4 Bxf1 14. Rhxf1 a5 15. g5 b4 16. gxf6 bxc3 17. Qxc3 Nxf6 18. Nd2 Rc8 19. Qd3 d5 20. Bg5 Nxe4 21. Bxe7 Qxe7 22. Nxe4 dxe4 23. Qxe4 Rfd8 24. Rd5 Rxd5 25. Qxd5 Qc5 26. Qxc5 Rxc5 27. Kd2 g5 28. c3 Kg7 29. b4 Rd5+ 30. Ke3 Kf6 31. a4 Ke7 32. Ke4 Kd6 33. Rb1 f6 34. b5 Kc5 35. b6 Rd8 36. Rb5+ Kc6 37. c4 h5 38. c5 g4 39. hxg4 hxg4 40. Rxa5 Rg8 41. Ra7 Kxc5 42. b7 g3 43. Ra8 Rg4+ 44. Kf3 g2 45. b8Q Rg3+ 46. Ke2 g1Q 47. Qb5+ Kd4 48. Rd8+ Ke4 49. Qc4+ 1/2-1/2

[Event "Sunningdale e2e4 op"]
[Site "Ascot"]
[Date "2011.05.28"]
[Round "3"]
[White "Crouch, Colin S"]
[Black "Michielsen, Joost"]
[Result "1-0"]
[WhiteElo "2343"]
[BlackElo "2338"]
[PlyCount "57"]
[EventDate "2011.05.27"]
[EventType "swiss"]
[EventRounds "7"]
[EventCountry "ENG"]
[SourceTitle "CBM 142 Extra"]
[Source "ChessBase"]
[SourceDate "2011.06.27"]
[SourceVersion "1"]
[SourceVersionDate "2011.06.27"]
[SourceQuality "1"]

1. d4 d5 2. c4 c6 3. e3 Nf6 4. Nf3 Bg4 5. Nbd2 e6 6. Be2 Nbd7 7. 0-0 Bd6 8. b3 0-0 9. Bb2 Qb8 10. Rc1 e5 11. dxe5 Nxe5 12. cxd5 Nxd5 13. Nc4 Nxf3+ 14. gxf3 Bxh2+ 15. Kg2 Be6 16. Qd4 f6 17. Rh1 Bc7 18. Qe4 Kf7 19. Rxh7 Rh8 20. Rch1 Rxh7 21. Rxh7 b5 22. Bd3 bxc4 23. Qg6+ Ke7 24. Ba3+ Kd7 25. bxc4 Bd6 26. cxd5 cxd5 27. Qxg7+ Kc6 28. Bxd6 Kxd6 29. Qe7+ 1-0

[Event "Delft Prinsenstad op-A"]
[Site "Delft"]
[Date "2011.04.24"]
[Round "5"]
[White "Ootes, Lars"]
[Black "Michielsen, Joost"]
[Result "1-0"]
[WhiteElo "2381"]
[BlackElo "2376"]
[PlyCount "115"]
[EventDate "2011.04.22"]
[EventType "swiss"]
[EventRounds "6"]
[EventCountry "NED"]
[SourceTitle "EXT 2013"]
[Source "ChessBase"]
[SourceDate "2012.11.22"]
[SourceVersion "1"]
[SourceVersionDate "2012.11.22"]
[SourceQuality "1"]

1. e4 c5 2. Nf3 e6 3. d4 cxd4 4. Nxd4 Nc6 5. Nc3 Qc7 6. Be3 a6 7. Qd2 Nf6 8. 0-0-0 Bb4 9. f3 0-0 10. g4 Ne5 11. g5 Nh5 12. f4 Bxc3 13. Qxc3 Qxc3 14. bxc3 Ng4 15. Kd2 d6 16. Nb3 e5 17. f5 Nxe3 18. Kxe3 Rd8 19. Na5 Kf8 20. Nc4 b5 21. Rxd6 Rxd6 22. Nxd6 Bd7 23. c4 Ke7 24. Nb7 Rc8 25. Na5 Rc5 26. Nb3 Rc7 27. Nd2 Nf4 28. Bd3 b4 29. Nf3 f6 30. gxf6+ gxf6 31. a3 bxa3 32. Ra1 a5 33. Rxa3 a4 34. Nd2 Rb7 35. Ra1 Kd6 36. Nb1 Kc5 37. Nc3 Ra7 38. Kd2 Ra8 39. Rg1 a3 40. Ra1 Kb4 41. Na2+ Kc5 42. Kc3 Be8 43. Nc1 Bf7 44. Nb3+ Kc6 45. Kb4 a2 46. Na5+ Kc7 47. Rxa2 Ng2 48. Ra1 Ne3 49. Rg1 Rg8 50. Rxg8 Bxg8 51. c5 Ng4 52. h4 Ne3 53. c3 h5 54. Bc4 Bxc4 55. Nxc4 Ng2 56. Nd6 Kd7 57. Kb5 Nxh4 58. Kb6 1-0

[Event "Delft Prinsenstad op-A"]
[Site "Delft"]
[Date "2011.04.23"]
[Round "4"]
[White "Michielsen, Joost"]
[Black "Borst, Filip"]
[Result "1-0"]
[WhiteElo "2376"]
[BlackElo "1998"]
[PlyCount "77"]
[EventDate "2011.04.22"]
[EventType "swiss"]
[EventRounds "6"]
[EventCountry "NED"]
[SourceTitle "EXT 2013"]
[Source "ChessBase"]
[SourceDate "2012.11.22"]
[SourceVersion "1"]
[SourceVersionDate "2012.11.22"]
[SourceQuality "1"]

1. e4 c5 2. Nf3 d6 3. d4 cxd4 4. Nxd4 Nf6 5. Nc3 g6 6. Be3 Bg7 7. f3 0-0 8. Qd2 Nc6 9. 0-0-0 Bd7 10. g4 Rc8 11. h4 Ne5 12. Be2 Qa5 13. Kb1 Rxc3 14. Qxc3 Qxc3 15. bxc3 Nexg4 16. fxg4 Nxe4 17. Rd3 e5 18. Nb3 Bb5 19. Bd2 Rc8 20. Re3 Bxe2 21. Rxe2 Ng3 22. Rhe1 Nxe2 23. Rxe2 Rc4 24. Rg2 Kf8 25. Be1 f5 26. gxf5 gxf5 27. Rg5 Rf4 28. Nd2 Bf6 29. Rg2 Bxh4 30. Bxh4 Rxh4 31. Rf2 Rh5 32. Ne4 Ke7 33. Ng3 Rg5 34. Nxf5+ Ke6 35. Ne3 Rg3 36. Re2 h5 37. Kc1 h4 38. Kd2 h3 39. Ke1 1-0

[Event "NED-chT 1011"]
[Site "Netherlands"]
[Date "2011.03.12"]
[Round "7.7"]
[White "Michielsen, Joost"]
[Black "Miedema, David"]
[Result "1/2-1/2"]
[WhiteElo "2371"]
[BlackElo "2380"]
[PlyCount "143"]
[EventDate "2010.09.25"]
[EventType "team"]
[EventRounds "9"]
[EventCountry "NED"]
[SourceTitle "EXT 2012"]
[Source "ChessBase"]
[SourceDate "2011.11.24"]
[SourceVersion "1"]
[SourceVersionDate "2011.11.24"]
[SourceQuality "1"]
[WhiteTeam "Utrecht"]
[BlackTeam "Calder HMC"]
[WhiteTeamCountry "NED"]
[BlackTeamCountry "NED"]

1. e4 e6 2. d4 d5 3. Nc3 Bb4 4. e5 Ne7 5. a3 Bxc3+ 6. bxc3 c5 7. Qg4 0-0 8. Bd3 Nbc6 9. Bg5 Qa5 10. Ne2 Ng6 11. 0-0 Qa4 12. f4 c4 13. Bxg6 fxg6 14. Ra2 Qa5 15. h4 Qc7 16. h5 gxh5 17. Qxh5 Qf7 18. Qh3 h6 19. Bh4 Qf5 20. g4 Qe4 21. Qf3 Qxf3 22. Rxf3 b5 23. Kf2 Bd7 24. Ke3 a5 25. Be1 Ne7 26. Ng3 Kh7 27. Bd2 Rf7 28. Ra1 Raf8 29. Ke2 Nc6 30. Ke3 Ne7 31. Rh1 Ng6 32. Nh5 Ne7 33. Ke2 Rb8 34. Rfh3 Be8 35. f5 exf5 36. g5 Ng8 37. gxh6 g6 38. Nf4 Re7 39. Nxd5 Bc6 40. Nxe7 Nxe7 41. Re1 Nd5 42. Bg5 Nc7 43. d5 Nxd5 44. Kf2 Re8 45. e6 Nc7 46. e7 Be4 47. Rxe4 fxe4 48. Rh4 Ne6 49. Bf6 Nc5 50. Ke3 Nd7 51. Bg5 Nc5 52. Rf4 Ne6 53. Rf7+ Kg8 54. Rf6 Rxe7 55. Rxg6+ Kh7 56. Bxe7 Kxg6 57. Kxe4 Kxh6 58. Ke5 Nc7 59. Kd6 b4 60. cxb4 Nb5+ 61. Kc5 axb4 62. axb4 Na3 63. b5 Nxc2 64. b6 c3 65. b7 Nb4 66. Kxb4 c2 67. b8Q c1Q 68. Qh8+ Kg6 69. Qf6+ Kh7 70. Qf5+ Kg7 71. Bf6+ Kh6 72. Bg5+ 1/2-1/2